Statistics for Austria or Switzerland?

Click here to take the quiz!

General Stats

  • This quiz has been taken 69 times
  • The average score is 13 of 15

Answer Stats

QuestionAnswer% Correct
Its country code is CHSwitzerland
97%
The only modern country to regularly practice direct democracySwitzerland
95%
One of its cities is SalzburgAustria
95%
Uses the Euro as a currencyAustria
94%
Romansh is one of its official languagesSwitzerland
94%
The waltz originated hereAustria
94%
Its capital is also its largest cityAustria
90%
Apfelstrudel, Sachertorte and Kaiserschmarrn are staples of its cuisineAustria
90%
Has the higher peakSwitzerland
87%
Borders Liechtensteinboth
87%
Leonhard Euler, Wilhelm Tell and Carl Gustav Jung are among its nativesSwitzerland
79%
Has hosted the Olympic Winter Gamesboth
77%
Has the higher populationAustria
77%
Women were granted national suffrage as late as 1971Switzerland
74%
Is a federal republicboth
34%

Score Distribution

Percentile by Number Answered

Percent of People with Each Score

Your Score History

You have not taken this quiz